00402nam a2200109Ia 4500008004100000245015400041260004900195260000900244300001000253500001300263650001600276170224s9999 xx 000 0 und d a“Does reading a single passage of literary fiction really improve theory of mind? An attempt at replication”: Correction to Panero et al. (2016). bJournal of Personality and Social Psychology c2016 a111:5 aNovember xPsychology.